00464nam a2200133Ia 4500999001700000003000400017082001600021100002000037245006800057260006600125546001200191942001300203952011400216 c17457d17457OSt a650bJYO/DS aJyothi,K Parikh aD S M survey in India : awareness barriers and implementability aBombaybIndira Gandhi Institute Of Development Researchc1996 aEnglish 2ddccREP 00102ddc40708ReportaKAUCLVbKAUCLVcREPORTSd2014-03-18l0o650 JYO/DSp200885r2014-03-18 00:00:00yREP